| 000 | 00664nam a2200181Ia 4500 | ||
|---|---|---|---|
| 008 | 151202s9999||||xx |||||||||||||| ||und|| | ||
| 082 | _bPNVM-23926 | ||
| 100 | _aभोळे गोपाळकृष्ण. | ||
| 245 | _aसात स्वरश्री. | ||
| 260 | _bप्रसिदी संचालनालय महाराष्ट्र शासन मुंबई. | ||
| 260 | _c0 | ||
| 300 | _a104 | ||
| 600 | _aभोळे गोपाळकृष्ण. | ||
| 630 | _aसात स्वरश्री. | ||
| 700 | _aभोळे गोपाळकृष्ण. | ||
| 730 | _aसात स्वरश्री. | ||
| 942 | _cBOOK | ||
| 999 |
_c1289901 _d1289898 |
||